00521nam a22001815i 450000100060000000300090000600500170001500700030003200800410003504000270007608000210010310000290012424500570015325000110021026000470022130000200026885200510028853108ES-MaACL20230906162716.0t|960201s1884 fr ||||1| fre d aCAM bspa cCCPB | SIC a821.133.1-31"18"1 aDu Boisgobey, Fortuné.10aMargot la Balafrée / cpar Fortuné du Boisgobey. a2e ed. aParis : bE. Plon, Nourrit et Cie, c1884. a2 v. ; c18 cm. aES-MaACLjD-876-77 z.- Legado M. de La Fuente